000 00821nas a2200265 4500
001 BR0505270
003 BR-BrBNA
005 20231205105708.0
007 ta
008 230509b bl.|||p| |||| 00| 00por d
040 _aBR-BrBNA
_bpor
_cBiblioteca Nacional de Agricultura
041 _a(Pt)
072 _aF70
100 1 _aFreitas, C.A.A. de
100 1 _aPrado, J.
245 1 _aLista anotada das pteridófitas de florestas inundáveis do alto rio Negro, Município de Santa Isabel do Rio Negro, AM, Brasil
650 _aPTERIDOFITA
650 _aFLORESTA
650 _aSAMAMBAIA
650 _aFLORA
650 _aAMAZONAS
773 0 _tActa Botanica Brasilica (Brazil)
_xISSN 0102-3306
_g(Apr-Jun 2005), v. 19(2) p. 399-406
_wBR0505270
909 _a202311
_bLúcia
_c55
_dLúcia Elande
942 _2AGRIS
_n0
_cANA
999 _c184207
_d184207